Flexibilné formy práce a bezpečnosť a ochrana zdravia pri práci (2.)

Vplyv flexibilných foriem zamestnávania na pracovné podmienky a bezpečnosť a ochranu zdravia pri práci. Prostredníctvom analýzy sociálnych výhod a rizík vyplývajúcich z implementácie nových technológií a digitálnych platforiem v pracovnom prostredí, autorka objasňuje rozdiely medzi štandardným a fle...

Description complète

Enregistré dans:
Détails bibliographiques
Auteur principal: Kordošová, Miroslava
Format: Chapitre de livre
Langue:slovaque
Sujets:
Tags: Ajouter un tag
Pas de tags, Soyez le premier à ajouter un tag!

MARC

LEADER 00000naa a2200000 4500
001 0310813
005 20250617152340.9
041 0 |a slo 
044 |a SK 
245 1 0 |a Flexibilné formy práce a bezpečnosť a ochrana zdravia pri práci (2.)  |c Miroslava Kordošová 
520 |a Vplyv flexibilných foriem zamestnávania na pracovné podmienky a bezpečnosť a ochranu zdravia pri práci. Prostredníctvom analýzy sociálnych výhod a rizík vyplývajúcich z implementácie nových technológií a digitálnych platforiem v pracovnom prostredí, autorka objasňuje rozdiely medzi štandardným a flexibilným zamestnávaním. Text sa zaoberá aj definíciou pracovnej neistoty v kontexte flexibility a jej dopadom na rôzne aspekty pracovného života. Dôležitý je dôraz na potrebu efektívnej koordinácie pracovnoprávnej legislatívy a ochrany zamestnancov, pričom autorka poskytuje ucelený pohľad na výhody a výzvy, spojené s novými formami zamestnávania a navrhuje riešenia prispôsobené sociálnym a technologickým zmenám digitálnej doby. 
610 2 0 |a flexibilita 
610 2 0 |a formy zamestnávania 
610 2 0 |a zamestnanci 
610 2 0 |a zamestnávatelia 
610 2 0 |a bezpečnosť 
610 2 0 |a bezpečnosť práce 
610 2 0 |a ochrana zdravia 
100 1 |a Kordošová, Miroslava